|
|
|
|
| LEADER |
00000nab a2200000 4500 |
| 001 |
vtls011992690 |
| 003 |
SK-MaSNL |
| 005 |
20260304215255.0 |
| 008 |
200918|2007 xo |||| ||an ||00 0|slo |
| 015 |
|
|
|a SNBRB2020/09
|
| 040 |
|
|
|a SPKCL
|b slo
|e rda
|
| 041 |
|
|
|a slo
|b slo
|
| 044 |
|
|
|a xo
|c SK
|
| 072 |
|
7 |
|a 316.4/.7
|x Sociálne interakcie
|2 konspekt
|
| 080 |
|
|
|a 316.344.6-056.263-053.2
|2 2011
|
| 100 |
1 |
|
|a Hovorková, Silvia
|4 aut
|9 395152
|
| 245 |
1 |
0 |
|a Rozhodovanie a informačné potreby v rodinách s dieťaťom so stratou sluchu
|c Silvia Hovorková
|
| 336 |
|
|
|a text
|b txt
|2 rdacontent
|
| 337 |
|
|
|a počítač
|b nc
|2 rdamedia
|
| 338 |
|
|
|a online zdroj
|b cr
|2 rdacarrier
|
| 504 |
|
|
|a Obsahuje bibliografiu
|
| 546 |
|
|
|a Slovenské resumé
|
| 650 |
0 |
7 |
|a sluchovo postihnuté deti
|2 SNKPH
|9 1077
|
| 650 |
0 |
7 |
|a rodina s postihnutým dieťaťom
|2 SNKPH
|9 1109098
|
| 650 |
0 |
7 |
|a rodičia a deti
|2 SNKPH
|9 63347
|
| 650 |
0 |
7 |
|a informačné potreby
|2 SNKPH
|9 64000
|
| 650 |
0 |
7 |
|a rozhodovanie
|2 SNKPH
|9 1671
|
| 655 |
|
7 |
|a BZB
|2 SNKPH
|9 1080216
|
| 773 |
0 |
|
|t Paedagogica specialis XXIII : Acta facultatis paedagogicae (online)
|d Bratislava : Univerzita Komenského Bratislava, 2007
|g S. 145-151
|z 9788022328623
|
| 856 |
4 |
1 |
|u http://alis.uniba.sk/storage/uk/pdf/acta/ID_302_2740502.pdf
|
| 958 |
|
|
|a NB
|
| 999 |
|
|
|c 3145619
|d 3147549
|